000 002290000a22000970004500
100 1 _aWilliams, Stephen
245 1 0 _aHope and love social action
300 _aVol. 4, Núm 3 (1986), Páginas 2-4
773 0 _tEvangel
942 _cANA
999 _c54337
_d54337